Catálogo
 En Linea

Ortografía inferencial y operativa / (Registro nro. 38753)

Detalles MARC
000 -CABECERA
campo de control de longitud fija 01454nam a2200277 a 4500
001 - NÚMERO DE CONTROL
campo de control 000039263
005 - FECHA Y HORA DE LA ÚLTIMA TRANSACCIÓN
campo de control 20201002031552.0
008 - DATOS DE LONGITUD FIJA--INFORMACIÓN GENERAL
campo de control de longitud fija 081212s1998 dr a 000 0 spa d
020 ## - NÚMERO INTERNACIONAL ESTÁNDAR DEL LIBRO
ISBN cancelado o inválido 9993445037
040 ## - FUENTE DE LA CATALOGACIÓN
Centro catalogador/agencia de origen DO-SdBNP
Lengua de catalogación spa
-- BNPHU
082 ## - NÚMERO DE LA CLASIFICACIÓN DECIMAL DEWEY
Número de clasificación 461
Número de documento/Ítem G216o, 1998
100 1# - ENTRADA PRINCIPAL--NOMBRE DE PERSONA
Nombre de persona García Molina, Bartolo
9 (RLIN) 6
245 10 - MENCIÓN DE TÍTULO
Título Ortografía inferencial y operativa /
Mención de responsabilidad, etc. Bartolo García Molina ; prólogo Mírian Gutiérrez Pérez ;.
250 ## - MENCIÓN DE EDICIÓN
Mención de edición 4a ed.
260 ## - PUBLICACIÓN, DISTRIBUCIÓN, ETC.
Lugar de publicación, distribución, etc. Santo Domingo :
Nombre del editor, distribuidor, etc. Universidad Católica Santo Domingo,
Fecha de publicación, distribución, etc. 1998.
300 ## - DESCRIPCIÓN FÍSICA
Extensión 267 p. ;
Dimensiones 21 cm.
490 1# - MENCIÓN DE SERIE
Mención de serie Comunicación
Designación de volumen o secuencia 2
505 0# - NOTA DE CONTENIDO CON FORMATO
Título Prólogo --
-- Introducción --
-- Orígines de la faltas ortográficas --
-- La acentuación --
-- Uso de las mayúsculas --
-- Inferencias sobre B-V --
-- Inferencias sobre G --
-- Inferencias sobre S-C-Z --
-- Inferencias sobre LL-Y --
-- Inferencias sobre la H --
-- Inferencias sobre la X --
-- Los nombre propios --
-- Ortografía sintagmática (la concordancia) --
-- Los verbos irregulares --
-- Ortografía sintagmática (los signos de puntuación) --
-- Temas teóricos prácticos de ortografía --
-- Autoevaluación general --
-- Bibliografía--
504 ## - NOTA DE BIBLIOGRAFÍA, ETC.
Nota de bibliografía, etc. Bibliografía : p. 265-267
590 ## - NOTA LOCAL (RLIN)
Nota local Inventariado, 2018/LP
650 #4 - PUNTO DE ACCESO ADICIONAL DE MATERIA--TÉRMINO DE MATERIA
Término de materia o nombre geográfico como elemento de entrada Español
Subdivisión general Ortografía
9 (RLIN) 1453
650 #4 - PUNTO DE ACCESO ADICIONAL DE MATERIA--TÉRMINO DE MATERIA
Término de materia o nombre geográfico como elemento de entrada Español
Subdivisión general Ortografía
-- Enseñanza
9 (RLIN) 1228
700 12 - PUNTO DE ACCESO ADICIONAL--NOMBRE DE PERSONA
Nombre de persona Gutiérrez Pérez, Mírian,
Término indicativo de función/relación pról.
9 (RLIN) 12739
830 #0 - PUNTO DE ACCESO ADICIONAL DE SERIE-TÍTULO UNIFORME
Título uniforme Comunicación ;
Número de parte o sección de la obra 2
9 (RLIN) 65463
910 ## - DATOS DE OPCIÓN DEL USUARIO (OCLC)
Datos de opción del usuario Validado. Control de calidad MFF
Existencias
Estado de retiro Estado de pérdida No para préstamo Código de colección Localización permanente Ubicación/localización actual Ubicación en estantería Fecha de adquisición Número de inventario Total de préstamos Signatura topográfica completa Código de barras Fecha visto por última vez Precio válido a partir de Tipo de ítem Koha Número de copia
    Excluido de préstamo Patrimonio Dominicano Patrimonio Dominicano Patrimonio Dominicano Depósito 19.06.2013 LF1   461 G216o, 1998 39263-10 25.06.2020 25.06.2020 Libro y Folleto Colección Patrimonio Dominicano  
    Excluido de préstamo Patrimonio Dominicano Patrimonio Dominicano Patrimonio Dominicano Depósito 23.03.2018 LF1   461 G216o, 1998 39263-20 25.06.2020 25.06.2020 Libro y Folleto Colección Patrimonio Dominicano e. 2

Con tecnología Koha